[Event "Muensterland Verbandsklasse 1819"]
[Site "Germany"]
[Date "2019.04.06"]
[Round "8.7"]
[White "Fechner, Juergen"]
[Black "Pohlmeier, Ulrich"]
[Result "0-1"]
[WhiteElo "1629"]
[BlackElo "1584"]
[PlyCount "38"]
[EventDate "2018.09.15"]
[EventType "team-tourn"]
[EventRounds "9"]
[EventCountry "GER"]
[SourceTitle "EXT 2020"]
[Source "ChessBase"]
[SourceDate "2019.10.17"]
[SourceVersion "1"]
[SourceVersionDate "2019.10.17"]
[SourceQuality "1"]
[WhiteTeam "Ibbenbueren"]
[BlackTeam "Rheine Klein Berlin II"]
[WhiteTeamCountry "GER"]
[BlackTeamCountry "GER"]

1. c4 g6 2. d4 Bg7 3. Nc3 d6 4. e4 Nf6 5. Bd3 0-0 6. Nge2 c5 7. d5 Nbd7 8. f4 a6 9. Bd2 Qc7 10. 0-0 Nb6 11. Qe1 Bd7 12. e5 dxe5 13. fxe5 Ng4 14. d6 exd6 15. exd6 Qxd6 16. Qg3 Qxg3 17. Nxg3 Ne5 18. Bc2 Nexc4 19. Bf4 Nxb2 0-1

[Event "Steinfurt Bezirksliga 1516"]
[Site "Germany"]
[Date "2016.04.30"]
[Round "8.3"]
[White "Fechner, Juergen"]
[Black "Wehmeier, Sven"]
[Result "1/2-1/2"]
[WhiteElo "1571"]
[BlackElo "1783"]
[PlyCount "67"]
[EventDate "2015.09.19"]
[EventType "team-tourn"]
[EventRounds "9"]
[EventCountry "GER"]
[SourceTitle "EXT 2017"]
[Source "ChessBase"]
[SourceDate "2016.10.25"]
[SourceVersion "1"]
[SourceVersionDate "2016.10.25"]
[SourceQuality "1"]
[WhiteTeam "Ibbenbueren II"]
[BlackTeam "Emsdetten Rochade III"]
[WhiteTeamCountry "GER"]
[BlackTeamCountry "GER"]

1. c4 Nf6 2. d4 g6 3. Nc3 d6 4. Nf3 Bg7 5. e4 0-0 6. Be2 Nc6 7. Be3 Nd7 8. 0-0 e5 9. d5 Ne7 10. Qd2 b6 11. h4 f6 12. Nh2 Rf7 13. f4 exf4 14. Bxf4 Ne5 15. Bxe5 dxe5 16. Ng4 Kh8 17. Nh6 Bxh6 18. Qxh6 Ng8 19. Qe3 Qe7 20. h5 g5 21. g4 Nh6 22. Qg3 Qd7 23. Rf2 Nxg4 24. Rg2 Nh6 25. Rf1 Qd6 26. Rgf2 Bd7 27. Nb5 Qc5 28. b4 Qe7 29. Nxc7 Raf8 30. Na6 Bc8 31. c5 Bxa6 32. Bxa6 bxc5 33. Bc4 Qd6 34. b5 1/2-1/2

[Event "Steinfurt Bezirksliga 1516"]
[Site "Germany"]
[Date "2015.09.19"]
[Round "1.2"]
[White "Voskuhl, Jens"]
[Black "Fechner, Juergen"]
[Result "1-0"]
[WhiteElo "1944"]
[BlackElo "1571"]
[PlyCount "44"]
[EventDate "2015.09.19"]
[EventType "team-tourn"]
[EventRounds "9"]
[EventCountry "GER"]
[SourceTitle "EXT 2017"]
[Source "ChessBase"]
[SourceDate "2016.10.25"]
[SourceVersion "1"]
[SourceVersionDate "2016.10.25"]
[SourceQuality "1"]
[WhiteTeam "Ibbenbueren"]
[BlackTeam "Ibbenbueren II"]
[WhiteTeamCountry "GER"]
[BlackTeamCountry "GER"]

1. d4 e6 2. Nf3 c5 3. e3 cxd4 4. exd4 Nf6 5. Bd3 Nc6 6. 0-0 d5 7. c3 Be7 8. Re1 0-0 9. Nbd2 Qc7 10. Ne5 Bd6 11. Ndf3 Nd7 12. Qe2 Ndxe5 13. dxe5 Be7 14. Ng5 Bxg5 15. Bxg5 Ne7 16. Qh5 Ng6 17. Re3 h6 18. Bxh6 Qd7 19. Rg3 gxh6 20. Bxg6 fxg6 21. Qxg6+ Kh8 22. Qxh6+ Qh7 1-0

[Event "Steinfurt Bezirksliga 1314"]
[Site "Germany"]
[Date "2013.11.09"]
[Round "3.2"]
[White "Fehlings, Gerd"]
[Black "Fechner, Juergen"]
[Result "1-0"]
[WhiteElo "1719"]
[BlackElo "1629"]
[PlyCount "156"]
[EventDate "2013.09.14"]
[EventType "team-tourn"]
[EventRounds "9"]
[EventCountry "GER"]
[SourceTitle "EXT 2015"]
[Source "ChessBase"]
[SourceDate "2014.11.20"]
[SourceVersion "1"]
[SourceVersionDate "2014.11.20"]
[SourceQuality "1"]
[WhiteTeam "Emsdetten Rochade II"]
[BlackTeam "Ibbenbueren II"]
[WhiteTeamCountry "GER"]
[BlackTeamCountry "GER"]

1. e4 c5 2. Nf3 e6 3. d4 cxd4 4. Nxd4 a6 5. c4 Nc6 6. Nxc6 bxc6 7. Nc3 Qc7 8. Be3 Nf6 9. Qd2 Bb4 10. f3 0-0 11. Rc1 d5 12. exd5 exd5 13. a3 Bxc3 14. Qxc3 Re8 15. Kf2 Bf5 16. Bd4 Qe7 17. Bxf6 gxf6 18. g4 Qc5+ 19. Kg2 d4 20. Qd2 Bg6 21. Bd3 Re3 22. Bxg6 hxg6 23. b4 Qg5 24. Qxd4 Rae8 25. h4 Re2+ 26. Kg3 Qe5+ 27. Qxe5 fxe5 28. Rhe1 Ra2 29. Rc3 f6 30. Rd1 e4 31. Re1 f5 32. Kf4 fxg4 33. fxe4 Rf8+ 34. Kxg4 Raf2 35. Kg3 Kg7 36. c5 Rb2 37. Rf3 Rd8 38. e5 Rdd2 39. Ree3 Rh2 40. e6 Rbg2+ 41. Kf4 Kf6 42. Rh3 Rf2+ 43. Kg4 Ke7 44. Rxh2 Rxh2 45. Kg5 Rg2+ 46. Kh6 Rg4 47. Rd3 Kf6 48. h5 gxh5 49. Kxh5 Rg5+ 50. Kh4 Re5 51. Kg4 Rxe6 52. Kf4 Ke7 53. Rh3 Rf6+ 54. Ke4 Rg6 55. Rh7+ Ke6 56. Ra7 Rg4+ 57. Kf3 Rh4 58. Rxa6 Kd5 59. Ke3 Kc4 60. Rxc6 Rh3+ 61. Ke4 Rxa3 62. Rb6 Rh3 63. Ke5 Rh5+ 64. Kd6 Rh6+ 65. Kc7 Rh7+ 66. Kc6 Rh5 67. Kb7 Rh7+ 68. Ka6 Kd5 69. Rd6+ Kc4 70. c6 Kxb4 71. Rd7 Rh6 72. Kb6 Kc4 73. Rd1 Kb4 74. Rc1 Rg6 75. Kb7 Kb5 76. c7 Rb6+ 77. Kc8 Rh6 78. Re1 Kc6 1-0

[Event "Steinfurt Bezirksliga 1314"]
[Site "Germany"]
[Date "2013.10.19"]
[Round "2.1"]
[White "Guennigmann, Stefan"]
[Black "Fechner, Juergen"]
[Result "1-0"]
[WhiteElo "1781"]
[BlackElo "1629"]
[PlyCount "55"]
[EventDate "2013.09.14"]
[EventType "team-tourn"]
[EventRounds "9"]
[EventCountry "GER"]
[SourceTitle "EXT 2015"]
[Source "ChessBase"]
[SourceDate "2014.11.20"]
[SourceVersion "1"]
[SourceVersionDate "2014.11.20"]
[SourceQuality "1"]
[WhiteTeam "Saerbeck II"]
[BlackTeam "Ibbenbueren II"]
[WhiteTeamCountry "GER"]
[BlackTeamCountry "GER"]

1. d4 e6 2. c4 c5 3. d5 d6 4. Nc3 Nf6 5. Nf3 Be7 6. Bg5 h6 7. Bd2 0-0 8. e4 e5 9. Be2 Nbd7 10. 0-0 Nh7 11. Ne1 a6 12. Nd3 Nb6 13. b3 f5 14. f4 fxe4 15. Nxe4 exf4 16. Bxf4 Ng5 17. Nxg5 Bxg5 18. Bg4 Bf6 19. Rc1 Bd4+ 20. Kh1 Bxg4 21. Qxg4 Rf6 22. Rf3 Qf8 23. Rcf1 Qe7 24. Re1 Qf7 25. Bxd6 Rxf3 26. Qxf3 Qg6 27. Bxc5 Rf8 28. Qxf8+ 1-0

[Event "Muensterland Verbandsklasse-A 1213"]
[Site "Germany"]
[Date "2013.04.20"]
[Round "8.7"]
[White "Fechner, Juergen"]
[Black "Focke, Robert"]
[Result "0-1"]
[WhiteElo "1626"]
[BlackElo "1590"]
[PlyCount "68"]
[EventDate "2012.09.15"]
[EventType "team-tourn"]
[EventRounds "9"]
[EventCountry "GER"]
[SourceTitle "EXT 2015"]
[Source "ChessBase"]
[SourceDate "2014.11.20"]
[SourceVersion "1"]
[SourceVersionDate "2014.11.20"]
[SourceQuality "1"]
[WhiteTeam "Ibbenbueren"]
[BlackTeam "Metelen"]
[WhiteTeamCountry "GER"]
[BlackTeamCountry "GER"]

1. c4 e6 2. Nc3 d5 3. cxd5 exd5 4. e3 Nf6 5. Nf3 a6 6. Qc2 Bd6 7. d4 0-0 8. a3 b5 9. b4 Bb7 10. Bd3 Qe7 11. 0-0 Ne4 12. Bb2 f5 13. Rac1 Nd7 14. h3 Nb6 15. Ne5 Nc4 16. Nxc4 bxc4 17. Be2 c6 18. Na4 a5 19. Nc5 Bc8 20. Nxe4 fxe4 21. Bc3 axb4 22. axb4 Bxb4 23. Bxb4 Qxb4 24. Rb1 Qe7 25. Rb6 Qg5 26. Kh2 Rf6 27. g3 Rh6 28. h4 Qf5 29. Bd1 Qh3+ 30. Kg1 g5 31. h5 g4 32. f3 Qxh5 33. fxe4 Qh1+ 34. Kf2 Rf6+ 0-1

[Event "Steinfurt Bezirksliga 1213"]
[Site "Germany"]
[Date "2013.04.13"]
[Round "8.2"]
[White "Fechner, Juergen"]
[Black "Krumbeck, Holger"]
[Result "1-0"]
[WhiteElo "1626"]
[BlackElo "1325"]
[PlyCount "41"]
[EventDate "2012.09.22"]
[EventType "team-tourn"]
[EventRounds "9"]
[EventCountry "GER"]
[SourceTitle "EXT 2015"]
[Source "ChessBase"]
[SourceDate "2014.11.20"]
[SourceVersion "1"]
[SourceVersionDate "2014.11.20"]
[SourceQuality "1"]
[WhiteTeam "Ibbenbueren II"]
[BlackTeam "Reckenfeld II"]
[WhiteTeamCountry "GER"]
[BlackTeamCountry "GER"]

1. c4 e5 2. Nc3 Nf6 3. Qc2 Be7 4. e3 d6 5. Nf3 Nbd7 6. Be2 b6 7. 0-0 Bb7 8. d3 a5 9. d4 exd4 10. exd4 d5 11. cxd5 Nxd5 12. Nxd5 Bxd5 13. Ne5 0-0 14. Bd3 g6 15. Bh6 Re8 16. Bb5 Be6 17. Nc6 Qc8 18. Nxe7+ Rxe7 19. Rfe1 Nb8 20. d5 Bf5 21. Qc3 1-0

[Event "Steinfurt Bezirksliga 1213"]
[Site "Germany"]
[Date "2012.10.27"]
[Round "2.2"]
[White "Fechner, Juergen"]
[Black "Lagemann, Stefan"]
[Result "0-1"]
[WhiteElo "1626"]
[BlackElo "1953"]
[PlyCount "42"]
[EventDate "2012.09.22"]
[EventType "team-tourn"]
[EventRounds "9"]
[EventCountry "GER"]
[SourceTitle "EXT 2015"]
[Source "ChessBase"]
[SourceDate "2014.11.20"]
[SourceVersion "1"]
[SourceVersionDate "2014.11.20"]
[SourceQuality "1"]
[WhiteTeam "Ibbenbueren II"]
[BlackTeam "Westerkappeln"]
[WhiteTeamCountry "GER"]
[BlackTeamCountry "GER"]

1. c4 e5 2. e3 Nf6 3. Nc3 Nc6 4. a3 g6 5. b4 Bg7 6. Bb2 0-0 7. Rb1 d5 8. cxd5 Nxd5 9. Qc2 Bf5 10. d3 Ndxb4 11. axb4 Nxb4 12. Qd2 Nxd3+ 13. Ke2 e4 14. Ba3 Re8 15. Rxb7 Qc8 16. Rb3 Qa6 17. Kd1 Rab8 18. Rxb8 Rxb8 19. Nxe4 Qxa3 20. Nc3 Qa1+ 21. Ke2 Rb2 0-1

[Event "Steinfurt Bezirksliga 1112"]
[Site "Germany"]
[Date "2011.11.26"]
[Round "3.2"]
[White "Fehlings, Gerd"]
[Black "Fechner, Juergen"]
[Result "1/2-1/2"]
[WhiteElo "1737"]
[BlackElo "1641"]
[PlyCount "46"]
[EventDate "2011.10.01"]
[EventType "team-tourn"]
[EventRounds "9"]
[EventCountry "GER"]
[SourceTitle "EXT 2013"]
[Source "ChessBase"]
[SourceDate "2012.11.22"]
[SourceVersion "1"]
[SourceVersionDate "2012.11.22"]
[SourceQuality "1"]
[WhiteTeam "Emsdetten Rochade II"]
[BlackTeam "Ibbenbueren II"]
[WhiteTeamCountry "GER"]
[BlackTeamCountry "GER"]

1. d4 e6 2. Nf3 c5 3. e3 cxd4 4. exd4 Nf6 5. Bd3 Nc6 6. c3 Qc7 7. 0-0 b6 8. Bg5 Bb7 9. Nbd2 Be7 10. Re1 Ng4 11. h3 Bxg5 12. hxg4 h6 13. Qe2 Ne7 14. Ne4 Ng6 15. Nexg5 Nf4 16. Qe5 Qxe5 17. Nxe5 hxg5 18. Be4 Bxe4 19. Rxe4 d6 20. Nf3 d5 21. Re3 Ke7 22. Nxg5 Rh6 23. Nh3 Rah8 1/2-1/2

[Event "Steinfurt Bezirksliga 1011"]
[Site "Germany"]
[Date "2011.02.12"]
[Round "5.1"]
[White "Fechner, Juergen"]
[Black "Horstmann, Michael1111"]
[Result "1-0"]
[WhiteElo "1592"]
[BlackElo "1703"]
[PlyCount "107"]
[EventDate "2010.10.02"]
[EventType "team-tourn"]
[EventRounds "9"]
[EventCountry "GER"]
[SourceTitle "EXT 2012"]
[Source "ChessBase"]
[SourceDate "2011.11.24"]
[SourceVersion "1"]
[SourceVersionDate "2011.11.24"]
[SourceQuality "1"]
[WhiteTeam "Ibbenbueren II"]
[BlackTeam "Emsdetten Rochade III"]
[WhiteTeamCountry "GER"]
[BlackTeamCountry "GER"]

1. c4 Nf6 2. Nc3 Nc6 3. a3 e5 4. e3 g6 5. Qc2 Bg7 6. b4 0-0 7. Bb2 d6 8. Nf3 Nh5 9. Be2 f5 10. d3 Nf6 11. 0-0 Qe7 12. Nd5 Qd8 13. Nxf6+ Bxf6 14. b5 Ne7 15. a4 c5 16. d4 Qc7 17. dxe5 dxe5 18. Rfd1 e4 19. Bxf6 Rxf6 20. Nd2 Be6 21. Qc3 Rff8 22. f3 exf3 23. Nxf3 f4 24. e4 Bg4 25. Ng5 Bd7 26. e5 Nf5 27. e6 Nd4 28. Rxd4 cxd4 29. Qxd4 Be8 30. Bf3 Qe7 31. Bd5 Qxg5 32. e7+ Rf7 33. Re1 f3 34. g3 h5 35. Kf2 Kh7 36. Bxf7 Bxf7 37. h4 Qf5 38. Qd8 Rxd8 39. exd8Q Qc2+ 40. Kxf3 Qxc4 41. Qe7 Kg8 42. Qd8+ Kg7 43. Qd7 Kg8 44. Rd1 Be6 45. Qe8+ Kg7 46. Qe7+ Bf7 47. Qe5+ Kh7 48. Qd4 Qe6 49. Qe4 Qf6+ 50. Kg2 Be6 51. Qxb7+ Kh6 52. Qxa7 Qb2+ 53. Qf2 Bh3+ 54. Kg1 1-0

[Event "Steinfurt Bezirksliga 0809"]
[Site "Germany"]
[Date "2009.05.09"]
[Round "9.5"]
[White "Sandmann, Matthias"]
[Black "Fechner, Juergen"]
[Result "1/2-1/2"]
[WhiteElo "1422"]
[BlackElo "1596"]
[PlyCount "50"]
[EventDate "2008.09.27"]
[EventType "team-tourn"]
[EventRounds "9"]
[EventCountry "GER"]
[SourceTitle "EXT 2010"]
[Source "ChessBase"]
[SourceDate "2010.11.25"]
[SourceVersion "1"]
[SourceVersionDate "2010.11.25"]
[SourceQuality "1"]
[WhiteTeam "Nordwalde II"]
[BlackTeam "Ibbenbueren II"]
[WhiteTeamCountry "GER"]
[BlackTeamCountry "GER"]

1. e4 c5 2. Nc3 Nc6 3. Nf3 e6 4. d4 cxd4 5. Nxd4 a6 6. Bc4 b5 7. Nxc6 dxc6 8. Be2 Bb7 9. a3 Qc7 10. Bg5 h6 11. Bh4 Bd6 12. Qd4 Be5 13. Bg3 Bxd4 14. Bxc7 Bxc3+ 15. bxc3 c5 16. c4 bxc4 17. f3 Nf6 18. Bxc4 0-0 19. Rb1 Bc6 20. Rb6 Bb5 21. Bxb5 axb5 22. Rxb5 Rxa3 23. Ra5 Rxa5 24. Bxa5 Ra8 25. Bc3 Nd7 1/2-1/2